| 000 | 01176cam a22002174a 4500 | ||
|---|---|---|---|
| 005 | 20250605164139.0 | ||
| 008 | 250528s ||||||||||||||||||||||||d | ||
| 035 | _a18905 | ||
| 020 | _a194313425 | ||
| 040 |
_aGR-AtMCL _bgre _dGR-AtMCL _eAACR2 |
||
| 245 | 1 | _aA Practical English Grammar / Fourth Edition | |
| 250 | _a4th | ||
| 260 |
_bOxford University Press, _c1989 |
||
| 300 | _a384 | ||
| 520 | _aThis book is popular because its explanations are clear and because it deals thoroughly with the topics which students find most difficult. Articles, Nouns, Adjectives, Adverbs, Interrogatives, Possessives and Personal and Reflexive Pronouns, Relative Pronouns and Clauses, Prepositions, Introduction to Verbs, The Auxiliaries Dare and Used, The Present Tenses, The Past and Perfect Tenses, The Future, The Sequence of Tenses, The Conditional, The Infinitive, The Gerund, Infinitive and Gerund Constructions, The Subjunctive, The Passive Voice, Indirect Speech, Conjuctions, Purpose, Noun Clauses, Phrasal Verbs, List of Irregular Verbs, Index. | ||
| 700 | 1 |
_aMartinet A. V _95189 |
|
| 700 | 1 |
_aThomson A. J _95190 |
|
| 942 | _cBK | ||
| 999 |
_c4208 _d4208 |
||